000 00424nam a2200181Ia 4500
001 10357
005 20260306161826.0
008 260306t1996||||xx |||||||||||||| ||spa||
041 _aESP
082 _a920.71
_bR21
100 _aRamĂ­rez-Alzamora Cobos, Claudio
_eAUT
245 0 _aSantiago AntĂșnez de Mayolo
260 _c1996
300 _a
_c23 cm.
650 _aGEN
654 _aCHU
942 _cLIB
_dJUS
_fJUS
_2ddc
_n
999 _c10357
_d10357